LIBRARY & INFORMATION CENTRE, KCAET, TAVANUR

ONLINE PUBLIC ACCESS CATALOGUE (OPAC)

Power of Eloquence: A treasury of British Speeches / (Record no. 12528)

MARC details
000 -LEADER
fixed length control field 00390cam a2200145ua 4500
041 ## - LANGUAGE CODE
Language code of text/sound track or separate title eng
082 ## - DEWEY DECIMAL CLASSIFICATION NUMBER
Classification number 825
Item number SCO/PO
100 ## - MAIN ENTRY--AUTHOR NAME
Personal name Scotland, Andrew .
245 ## - TITLE STATEMENT
Title Power of Eloquence: A treasury of British Speeches /
260 ## - PUBLICATION, DISTRIBUTION, ETC. (IMPRINT)
Place of publication London :
Name of publisher Cassel and Company ,
Year of publication 1961.
300 ## - PHYSICAL DESCRIPTION
Number of Pages 256 ; .
942 ## - ADDED ENTRY ELEMENTS (KOHA)
Koha item type Books
Holdings
Withdrawn status Lost status Damaged status Home library Current library Date acquired Cost, normal purchase price Full call number Accession Number Koha item type Public note
Withdrawn     KAUAET Sanskrit University 07/04/2012 21.00 825 6877 Books Transferred to Sanskrit University
free website counter